| 000 | 00409 a2200169 4500 | ||
|---|---|---|---|
| 001 | 50407 | ||
| 020 | _a8516022714 | ||
| 040 | _cAnchieta - Bela Vista | ||
| 100 | _aBranco, Samuel Murgel | ||
| 240 | 1 | 0 |
_aUm passeio pelas estações do ano _lpor |
| 245 | 1 | 0 | _aUm passeio pelas estações do ano |
| 300 | _a48 | ||
| 362 | 0 | _a1999 | |
| 440 | 1 | _aModerna | |
| 650 | 4 | _aLiteratura infanto-juvenil | |
| 942 | _cBK | ||
| 999 |
_c50407 _d50407 |
||